LIBRARY & INFORMATION CENTRE, KCAET, TAVANUR

ONLINE PUBLIC ACCESS CATALOGUE (OPAC)

Advances in transport processes, Vol 4 / (Record no. 1976)

MARC details
000 -LEADER
fixed length control field 00446cam a2200169ua 4500
003 - CONTROL NUMBER IDENTIFIER
control field OSt
008 - FIXED-LENGTH DATA ELEMENTS--GENERAL INFORMATION
fixed length control field 180917b ||||| |||| 00| 0 eng d
020 ## - INTERNATIONAL STANDARD BOOK NUMBER
ISBN 0-85226-588-3
082 ## - DEWEY DECIMAL CLASSIFICATION NUMBER
Classification number 660.284
Item number MUJ/AD
100 ## - MAIN ENTRY--AUTHOR NAME
Personal name Mujumdar, Arun S .
245 ## - TITLE STATEMENT
Title Advances in transport processes, Vol 4 /
250 ## - EDITION STATEMENT
Edition statement 1 /
260 ## - PUBLICATION, DISTRIBUTION, ETC. (IMPRINT)
Place of publication New Delhi :
Name of publisher Wiley Eastern Ltd ,
Year of publication 1986.
300 ## - PHYSICAL DESCRIPTION
Number of Pages 617 ; .
700 1# - ADDED ENTRY--PERSONAL NAME
Personal name Mashelkar, R A .
942 ## - ADDED ENTRY ELEMENTS (KOHA)
Koha item type Books
Holdings
Withdrawn status Lost status Damaged status Home library Current library Date acquired Full call number Accession Number Koha item type
      KAUAET KAUAET 07/04/2012 660.284 MUJ/AD 19973 Books
      KAUAET KAUAET 07/04/2012 660.284 MUJ/AD 20326 Book Bank scheme for SC students
free website counter